The democratic alternative (Record no. 478814)

000 -LEADER
fixed length control field 00398cam a22001457a 4500
008 - FIXED-LENGTH DATA ELEMENTS--GENERAL INFORMATION
fixed length control field 180718b1959 xxu||||| |||| 00| 0 eng d
082 ## - DEWEY DECIMAL CLASSIFICATION NUMBER
Classification number T00x54 C76
100 ## - MAIN ENTRY--PERSONAL NAME
Personal name Deveki, M.A.
245 ## - TITLE STATEMENT
Title The democratic alternative
Statement of responsibility, etc. by M.A. Deveki
260 ## - PUBLICATION, DISTRIBUTION, ETC.
Place of publication, distribution, etc. Bombay
Name of publisher, distributor, etc. Indian Com. for Cultural Freedom
Date of publication, distribution, etc. 1959
300 ## - PHYSICAL DESCRIPTION
Extent 101p.
500 ## - GENERAL NOTE
General note Rs.2.50
650 ## - SUBJECT ADDED ENTRY--TOPICAL TERM
Topical term or geographic name entry element Democracy
650 ## - SUBJECT ADDED ENTRY--TOPICAL TERM
Topical term or geographic name entry element Econ. Planning - India
Holdings
Withdrawn status Lost status Damaged status Not for loan Permanent Location Current Location Date acquired Full call number Barcode Date last seen Price effective from Koha item type
        Indian Institute of Public Administration Indian Institute of Public Administration 2018-08-04 T00x54 C76 GR2850 2018-08-04 2018-08-04 GR

Powered by Koha